00619nam a2200145Ia 4500008004100000082001800041100005400059245010900113260002800222300001900250856007000269942000800339999001900347952010700366210430s9999 xx 000 0 und d a658.5 P9621 P aMuhlemann, Alan., Oakland, John., Lockyer, Keith. aProduction and operations management, sixth edition /cMuhlemann, Alan., Oakland, John., Lockyer, Keith. a[S.l.] :bPitman,c1994 a1 v. (unpaged) uhttp://www.amazon.com/exec/obidos/ASIN/B001343NBU/chopaconline-20 2ddc c564438d564438 001040708NFICaSCMEbSCMEcGENd0000-00-00l0o658.5 P9621 PpSCME-3650r2021-04-30w2021-04-30yBK